000 00319nam a22001217a 4500
008 140129b xxu||||| |||| 00| 0 eng d
100 _946
_aTitman, Loinel G.
245 _aThe effective office
_cby Loinel G. Titman.
260 _aLondon,
_bCassell,
_cc1990.
300 _a100p.
650 0 _939
_aManagement
942 _2ddc
_cBK
999 _c28
_d28